[Event "38th Barczay Memorial 2019"]
[Site "Zalakaros"]
[Date "2019.05.31"]
[Round "9.5"]
[White "Almasi, Istvan"]
[Black "Srinath, Rao S.V."]
[Result "1-0"]
[WhiteElo "2407"]
[BlackElo "2395"]
[Annotator "TA"]
[PlyCount "75"]
[EventDate "2019.05.23"]
[EventType "swiss"]
[EventCountry "HUN"]
[SourceTitle "playchess.com"]
[Source "ChessBase"]
[SourceQuality "1"]

{[%evp 13,75,52,56,56,56,56,65,66,56,60,58,60,110,69,79,75,148,90,157,130,159,138,150,138,141,140,171,144,233,135,158,158,172,140,147,151,156,155,172,175,147,158,152,100,173,181,377,360,366,363,342,312,380,349,429,438,517,492,492,492,472,460,472,465]} 1. d4 Nf6 2. c4 g6 3. Nc3 Bg7 4. e4 d6 5. Be2 O-O 6. Be3 e5 7. d5 Na6 8. g4 {E73: King's Indian: Averbakh Variation without 6...c5} (8. h4 Nc5 9. Qc2 c6 10. h5 cxd5 11. cxd5 Qa5 12. h6 Bh8 13. f3 Bd7 14. Rb1 Na4 15. Qd2 Nxc3 16. bxc3 {½-½ (49) Eljanov,P (2676)-Demchenko,A (2679) Germany 2019}) 8... Nc5 9. f3 a5 10. h4 {White is slightly better.} h5 11. g5 Ne8 12. Qd2 Qe7 13. Nh3 Bxh3 $146 ({Predecessor:} 13... a4 14. Nf2 Bd7 15. Nd3 Rd8 {1-0 (47) Romero Perera,E (2157)-Capella Negre,L Barcelona 2010}) 14. Rxh3 Na6 (14... c6 $142) 15. O-O-O (15. Rh2 $142) 15... Bh8 (15... a4 $142) 16. Bd3 Ng7 17. a3 Rfc8 18. Bc2 Ne8 19. Kb1 Bg7 20. Rh2 c6 (20... Nb8 $16 {was necessary.} 21. Rf2 Nd7) 21. Bb6 (21. Na4 $18) 21... Nac7 22. c5 {[#] Threatens to win with dxc6.} cxd5 23. exd5 Na6 24. Ne4 ({Much less strong is} 24. Bxa5 $6 Nxc5 25. Ne4 Qd7 $14) 24... Nxc5 25. Bxc5 ({But not} 25. Bxa5 $6 Qd7 $14) 25... dxc5 26. d6 Qd7 27. Qd5 c4 28. Rf2 ({White should play} 28. Rhd2) 28... Rd8 (28... Ra6 $16) 29. f4 $36 {[%mdl 2048] Black is under strong pressure.} Qe6 $2 {[#]} (29... exf4 30. Rxf4 b6 31. Qxc4 a4) 30. Qxe6 fxe6 31. d7 Nc7 32. Nc5 exf4 33. Rxf4 Nd5 34. Re4 {White is clearly winning.} b6 35. Nxe6 Rxd7 36. Nxg7 Kxg7 37. Red4 Rad8 {intending ...b5.} 38. Be4 {Accuracy: White = 74%, Black = 22%.} 1-0

[Event "38th Barczay Memorial 2019"]
[Site "Zalakaros"]
[Date "2019.05.31"]
[Round "9.6"]
[White "Becskei, Zoltan"]
[Black "Horvath, Adam"]
[Result "1/2-1/2"]
[WhiteElo "2285"]
[BlackElo "2531"]
[Annotator "TA"]
[PlyCount "140"]
[EventDate "2019.05.23"]
[EventType "swiss"]
[EventCountry "HUN"]
[SourceTitle "playchess.com"]
[Source "ChessBase"]
[SourceQuality "1"]

{[%evp 14,140,34,20,34,28,33,9,26,0,-7,-31,-25,-51,-41,-36,-44,-45,-36,-46,-36,-32,-30,-66,-35,-66,-37,-73,-64,-92,-57,-68,-66,-72,-87,-109,-41,-108,-115,-127,-115,-187,-191,-181,-185,-185,-178,-666,-679,-694,-679,-602,-601,-507,-442,-713,-713,-480,-260,-260,-8,-8,-8,-8,-8,-8,-8,-8,-8,-8,0,0,0,0,0,0,0,0,0,0,0,0,0,-8,-8,-8,0,-8,-8,-8,-8,-8,-8,-8,-8,-8,-8,-8,-8,-8,-8,-8,-8,-8,0,0,0,0,0,0,0,0,0,0,0,0,0,0,0,0,0,0,0,0,0,0,0,0,0]} 1. e4 c5 2. Nf3 Nc6 3. d4 cxd4 4. Nxd4 Qc7 5. Nc3 e6 6. g3 a6 7. Bg2 Nf6 8. O-O h5 {B47: Sicilian: Taimanov: 5 Nc3 Qc7 6 f4, 6 g3 and 6 Be2} (8... Be7 9. Re1 O-O 10. Nxc6 dxc6 11. e5 Rd8 12. Qf3 Nd5 13. h4 Bd7 14. Bg5 Bxg5 15. hxg5 Nxc3 16. Qxc3 Be8 17. Rad1 a5 18. a3 Rab8 19. Qc5 b6 20. Qe3 c5 {1-0 (60) Wang,H (2726)-Andreikin,D (2721) China 2019}) 9. h3 Bc5 10. Be3 d6 11. Na4 Ba7 12. c4 Bd7 13. b3 $146 ({Predecessor:} 13. Nc3 Nxd4 14. Bxd4 Bxd4 15. Qxd4 e5 16. Qd2 {½-½ (31) Roinos,I (2206)-Mastrovasilis,A (2492) Achaia 2017}) 13... Nxd4 14. Bxd4 Bxd4 15. Qxd4 Bxa4 16. bxa4 e5 17. Qd2 O-O 18. Kh1 Rfd8 19. Rac1 a5 20. f4 Ra6 21. c5 Rc6 22. cxd6 Rdxd6 23. Rxc6 bxc6 (23... Rxd2 $2 {loses.} 24. Rxc7 exf4 25. Rxf4 $18) 24. Qc3 Re6 (24... Rd4 $17 25. fxe5 Qxe5 26. Qxc6 Nxe4 27. Bxe4 Rxe4) 25. Qc2 ({White should try} 25. f5 $15 Re8 26. Rd1) 25... c5 $17 26. fxe5 Rxe5 27. Rf5 (27. Rc1 $17) 27... Rxf5 $19 28. exf5 c4 ({Don't play} 28... Qxg3 29. Qxc5 Qe1+ 30. Kh2 $17) 29. Qc3 Qc5 30. Bf1 $2 (30. a3) 30... Ne4 31. Qxc4 Qxc4 32. Bxc4 Nxg3+ {[%mdl 4160] [#] Endgame Double Attack. KB-KN} 33. Kg2 Nxf5 34. Kf3 (34. Bb5 $142 g5 35. Kf3) 34... g5 35. Bd3 Nd6 (35... Nh4+ $142 36. Kg3 Kg7) 36. Ke3 f5 $2 ({Black should play} 36... Kg7 $19 37. Kd4 Kf6) 37. Kd4 $1 $11 {The position is equal.} Kf7 38. Ke5 {[%mdl 64] [#] Double Attack} Ke7 39. Bxf5 Nc4+ 40. Kd4 Nb6 41. Bc2 Kd6 42. Bd1 h4 43. Ke4 Nd5 44. Kd4 Nf6 45. Bf3 Nd7 46. Ke4 {White wants to play Kf5.} Ne5 47. Bd1 {aiming for Kf5.} Ke6 $1 48. Bb3+ Kf6 49. Bd1 Nc6 50. Bb3 g4 51. hxg4 Kg5 52. Bd5 Nb4 53. Bb7 $1 Nxa2 54. Kd4 h3 55. Kc4 Nc1 {Threatens to win with ...Kf4.} 56. Kb5 Nb3 57. Kc4 Nd2+ ({Worse is} 57... Kxg4 58. Kxb3 Kf5 59. Kc4 Kf6 60. Kb5 h2 61. Kxa5 Kg5 62. Kb6) 58. Kb5 h2 59. Kxa5 {Strongly threatening Bh1.} Kxg4 60. Bh1 Kg3 61. Kb4 Kf2 62. a5 {Black must now prevent a6.} Kg1 63. Bd5 Kf2 {...Nf3 is the strong threat.} 64. a6 {Hoping for a7.} Nf3 65. Bxf3 Kxf3 {KP-KP} 66. a7 Kg2 67. a8=Q+ Kg1 68. Qg8+ Kh1 69. Qd5+ Kg1 70. Qg5+ Kh1 {Accuracy: White = 56%, Black = 64%.} 1/2-1/2

[Event "38th Barczay Memorial 2019"]
[Site "Zalakaros"]
[Date "2019.05.31"]
[Round "9.7"]
[White "Varga, Zoltan"]
[Black "Peczely, Sebastian Zsombor"]
[Result "0-1"]
[WhiteElo "2457"]
[BlackElo "2245"]
[Annotator "TA"]
[PlyCount "36"]
[EventDate "2019.05.23"]
[EventType "swiss"]
[EventCountry "HUN"]
[SourceTitle "playchess.com"]
[Source "ChessBase"]
[SourceQuality "1"]

{[%evp 19,36,0,0,0,-4,-20,-5,-38,-19,-28,-25,-42,-31,-164,-170,-164,-157,-141,-165]} 1. c4 c5 2. Nf3 Nc6 3. d4 cxd4 4. Nxd4 e6 5. Nc3 Nf6 6. Ndb5 d6 7. Bf4 e5 8. Bg5 a6 9. Bxf6 gxf6 10. Na3 f5 11. Qd2 {A33: Symmetrical English: 2 Nf3 Nf6 3 d4 cxd4 4 Nxd4 e6 5 Nc3 Nc6} Be6 12. g3 (12. Rd1 Bg7 13. e3 O-O 14. Be2 Qa5 15. Nd5 Qxd2+ 16. Rxd2 e4 17. O-O Bxd5 18. cxd5 Ne5 {½-½ (35) Shimanov,A (2625)-Grigoryan,K (2595) Katowice 2014}) 12... h5 13. Bg2 {The position is equal.} e4 $146 ({Predecessor:} 13... h4 14. O-O-O h3 15. Bd5 Qb6 16. Rhf1 O-O-O 17. Kb1 Bh6 18. f4 {1-0 (46) Diermair,A (2463)-Schwabeneder,F (2377) Austria 2016}) 14. Nd5 Rc8 15. Rc1 h4 16. Nb1 (16. O-O $15) 16... h3 $19 {Black is clearly better.} 17. Bf1 {[#]} Ne5 $1 18. b3 b5 {Accuracy: White = 29%, Black = 72%.} 0-1

[Event "38th Barczay Memorial 2019"]
[Site "Zalakaros"]
[Date "2019.05.31"]
[Round "9.8"]
[White "Persanyi, Barnabas"]
[Black "Doric, Nenad"]
[Result "1/2-1/2"]
[WhiteElo "2404"]
[BlackElo "2262"]
[Annotator "TA"]
[PlyCount "139"]
[EventDate "2019.05.23"]
[EventType "swiss"]
[EventCountry "HUN"]
[SourceTitle "playchess.com"]
[Source "ChessBase"]
[SourceQuality "1"]

{[%evp 13,139,6,14,10,4,2,15,0,0,2,15,0,0,0,15,16,16,9,25,0,0,0,1,0,0,0,2,-14,-16,-23,-20,-24,2,0,0,0,0,0,0,0,0,0,0,0,5,0,8,6,6,8,10,8,30,25,25,22,64,60,68,66,58,72,41,41,97,97,95,95,89,30,56,20,89,83,105,117,127,72,550,559,482,315,315,315,315,315,315,315,315,195,203,199,189,170,344,164,160,166,184,134,135,135,190,135,277,245,234,0,0,0,0,0,0,0,0,0,0,0,0,0,0,0,0,0,0,0,0,0]} 1. c4 e6 2. Nf3 d5 3. g3 Nf6 4. Bg2 dxc4 5. Qa4+ c6 6. Qxc4 b5 7. Qc2 Bb7 8. Nc3 {A13: English Opening: 1...e6} Nbd7 9. O-O Be7 10. d3 a6 11. a4 O-O 12. e4 (12. Rd1 Rc8 13. h3 Qb6 14. e4 c5 15. Be3 Rfd8 16. Rac1 h6 17. axb5 axb5 {1-0 (73) Duda,J (2737)-Karjakin,S (2773) chess.com INT 2018}) 12... Rc8 13. Rd1 b4 14. Nb1 {[%cal Bc3b1,Bb1d2,Bd2c4][%mdl 32]} c5 15. Nbd2 Nb8 {[#]} 16. Ne5 $146 ({Predecessor:} 16. Nc4 Nc6 17. Qe2 Nd7 18. Be3 {½-½ (18) Plomp,M (2533)-Iotov,V (2538) ICCF email 2012}) 16... Nfd7 17. Nxd7 Nxd7 18. Nc4 a5 19. Bf4 Nb8 20. Bxb8 Rxb8 21. Rac1 Ba6 22. e5 Bxc4 23. Qxc4 Qb6 24. d4 cxd4 $1 25. Qxd4 Qxd4 26. Rxd4 Rfc8 27. Rdc4 Rxc4 28. Rxc4 $11 {[%mdl 4096] Endgame KRB-KRB} Bd8 29. b3 Kf8 30. Be4 h5 31. Kg2 Bb6 32. Rc6 Ke7 33. Bd3 Rb7 34. Bb5 g6 35. Rc8 {[%csl Gb5][%cal Rc8e8]} Bd8 36. Ra8 g5 37. Kh3 Rc7 38. Rxa5 Rc2 (38... Rc5 $1 $14 39. Ra7+ Kf8) 39. Ra7+ $16 Kf8 40. Ra8 Rd2 41. a5 ({White should try} 41. g4 $16) 41... Kg7 $1 $11 42. Kg2 g4 (42... Be7 $1 $11) 43. Kf1 Rd1+ 44. Ke2 Rd5 45. Rxd8 $1 Rxb5 $2 $16 {[%mdl 8192] KR-KR} (45... Rxd8 $16 46. a6 Rc8) 46. a6 $18 Ra5 47. Ra8 {Black must now prevent Kd3.} Ra3 48. a7 Kh7 49. Kd2 Kg7 50. Kc2 Kh7 51. Kc1 Ra2 52. Kb1 Ra5 53. Kb2 $1 Kg7 $2 (53... Ra3 {is a better defense.} 54. Kc1 Ra6) 54. Rb8 (54. Kc2 $142 Ra3 55. Kd2) 54... Rxa7 55. Rxb4 Kg6 56. Re4 Kf5 57. Re2 $1 h4 (57... Rb7 $16) 58. gxh4 (58. b4 $18) 58... Rd7 {[#]} (58... Rb7 $16 {was called for.} 59. Re3 Kf4) 59. b4 $1 Rd3 {[#]} 60. Kc1 $2 (60. h5 $1 $18) 60... Rh3 $11 {The position is equal.} 61. b5 Rxh2 {Threatens to win with ...g3.} 62. Rb2 {aiming for b6.} Rxh4 63. b6 {Strongly threatening b7.} Rh8 64. b7 Rb8 65. Rb5 Ke4 66. Kd2 Kd4 67. Ke2 Kc4 68. Rb1 {And now Ke3 would win.} Kd4 69. Rb5 Kc4 70. Rb1 {Accuracy: White = 55%, Black = 60%.} 1/2-1/2

[Event "38th Barczay Memorial 2019"]
[Site "Zalakaros"]
[Date "2019.05.31"]
[Round "9.9"]
[White "Borhy, Marcell"]
[Black "Hrbolka, Ladislav Jr."]
[Result "1/2-1/2"]
[WhiteElo "2374"]
[BlackElo "2203"]
[Annotator "TA"]
[PlyCount "75"]
[EventDate "2019.05.23"]
[EventType "swiss"]
[EventCountry "HUN"]
[SourceTitle "playchess.com"]
[Source "ChessBase"]
[SourceQuality "1"]

{[%evp 23,75,30,31,31,52,25,23,13,0,0,17,9,55,0,0,0,0,-68,0,-69,-71,-61,14,15,14,14,48,56,56,52,43,50,64,18,64,58,102,83,72,20,17,0,0,0,0,0,0,0,0,0,0,0,0,0]} 1. d4 Nf6 2. c4 e6 3. g3 Bb4+ 4. Bd2 Qe7 5. Bg2 Bxd2+ 6. Qxd2 d6 7. Nf3 O-O 8. Nc3 e5 9. O-O Nc6 10. d5 Nb8 11. e4 a5 12. Ne1 Na6 13. Nd3 {E11: Bogo-Indian} c6 (13... Nd7 14. b3 Ndc5 15. Rab1 f5 16. Nxc5 Nxc5 17. Rfe1 f4 18. gxf4 Rxf4 19. f3 Bd7 20. Ne2 Rf6 {0-1 (38) Kiselev,V (2539)-Bachmann,A (2562) ICC INT 2009}) 14. Rac1 $146 ({Predecessor:} 14. a3 cxd5 15. cxd5 Bd7 16. f4 Nc7 17. Nxe5 dxe5 18. d6 Qe6 19. dxc7 Qb6+ 20. Kh1 Qxc7 21. fxe5 Qxe5 22. Rxf6 Qxf6 23. Qxd7 Rfd8 24. Qb5 Rd2 25. e5 {1-0 (25) Molina,R (2458)-Maia,J (2087) Florianopolis 2019}) 14... cxd5 15. Nxd5 {White has an edge.} (15. cxd5 {keeps more tension.} Bd7 16. Nd1 Qd8 17. Re1 b5 18. f4) 15... Nxd5 16. cxd5 a4 17. Qe3 Qd8 18. b4 (18. f4 $14) 18... axb3 $11 19. axb3 Bd7 20. Rc3 ({White should try} 20. Ra1 $11) 20... Bb5 (20... Nc7 $1 $15) 21. Rfc1 (21. Rb1 $11) 21... Bxd3 $1 $15 22. Rxd3 Rc8 (22... Nc5 $15 23. Rdc3 Qb6) 23. Rxc8 $11 Qxc8 24. Rc3 $36 {[%mdl 2048] White has the initiative.} Qd8 25. Bf1 Qa5 26. Bxa6 Qxa6 $14 {[%mdl 4096] Endgame KQR-KQR} 27. Rc7 h6 28. Kg2 Qb5 29. Qc3 Ra8 30. Qc4 Qb6 {[#] Threatens to win with ...Ra2!} 31. Rd7 (31. b4 $16) 31... f5 $1 $11 {The position is equal.} 32. b4 fxe4 33. Qxe4 {Threatening mate with Qg6!} Rf8 $1 34. f3 {[#] Qg6! would kill now.} Rf7 35. Rxf7 Kxf7 36. f4 exf4 37. Qxf4+ Kg8 38. Kf3 {Accuracy: White = 52%, Black = 57%.} 1/2-1/2

[Event "38th Barczay Memorial 2019"]
[Site "Zalakaros"]
[Date "2019.05.31"]
[Round "9.10"]
[White "Bozinovic, Bogdan"]
[Black "Tompa, Janos"]
[Result "1/2-1/2"]
[WhiteElo "2197"]
[BlackElo "2356"]
[Annotator "TA"]
[PlyCount "40"]
[EventDate "2019.05.23"]
[EventType "swiss"]
[EventCountry "HUN"]
[SourceTitle "playchess.com"]
[Source "ChessBase"]
[SourceQuality "1"]

{[%evp 15,40,25,36,31,39,14,34,16,8,15,16,2,7,0,0,0,0,-10,-8,-3,-10,-19,-22,-22,-25,-25,0]} 1. d4 Nf6 2. c4 e6 3. Nc3 Bb4 4. f3 d5 5. a3 Be7 6. e4 dxe4 7. fxe4 e5 8. d5 a5 9. Nf3 {E20: Nimzo-Indian: 4 g3 and 4 f3} O-O 10. Be3 (10. Bd3 Bc5 11. Bg5 Nbd7 12. Qd2 c6 13. O-O-O Qc7 14. Rhf1 Ne8 15. g4 Nd6 16. Qe2 Re8 {1-0 (59) Richter,M (2470)-Rasmussen,A (2487) Copenhagen 2014}) 10... Bg4 11. Be2 {White is slightly better.} Nbd7 12. O-O Bc5 $146 ({Predecessor:} 12... Re8 13. Rb1 Nc5 14. Nxe5 Bxe2 15. Qxe2 Bd6 16. Ng4 Ncxe4 17. Nxe4 Nxe4 {1-0 (41) Halldorsson,B (2253)-Nielsen,P (1851) Copenhagen 2010}) 13. Bxc5 Nxc5 14. Nd2 Bxe2 15. Qxe2 a4 16. Rf5 Qe7 17. Raf1 Ne8 18. Qe3 f6 19. R5f3 Nd7 20. Kh1 Nc5 {Accuracy: White = 31%, Black = 79%.} 1/2-1/2

[Event "38th Barczay Memorial 2019"]
[Site "Zalakaros"]
[Date "2019.05.31"]
[Round "9.11"]
[White "Vanczak, Tamas"]
[Black "Michalicka, Milan"]
[Result "1/2-1/2"]
[WhiteElo "2311"]
[BlackElo "2160"]
[Annotator "TA"]
[PlyCount "108"]
[EventDate "2019.05.23"]
[EventType "swiss"]
[EventCountry "HUN"]
[SourceTitle "playchess.com"]
[Source "ChessBase"]
[SourceQuality "1"]

{[%evp 14,108,4,-11,0,0,0,-1,21,-27,76,61,72,62,87,89,110,99,112,112,105,70,62,28,37,31,39,38,50,56,93,91,118,0,0,0,0,0,0,0,0,0,17,8,37,37,36,36,37,37,44,40,18,0,0,0,0,0,56,0,16,19,355,314,295,158,160,0,0,0,0,0,0,0,23,0,0,0,0,0,0,0,0,0,3,3,6,6,22,58,68,75,76,0,66,0,76]} 1. d4 Nf6 2. Nf3 g6 3. Nc3 d5 4. Bf4 c6 5. e3 Bg7 6. Be2 Nbd7 7. Ne5 O-O 8. h4 h5 {D00: 1 d4 d5: Unusual lines} 9. f3 (9. Qd2 Nxe5 10. Bxe5 b5 11. f3 Ne8 12. Bxg7 Kxg7 13. e4 dxe4 14. Nxe4 Nf6 15. Ng5 Qc7 16. O-O Rd8 17. Ne4 c5 18. Nxf6 Kxf6 19. Rfb1 Be6 20. Bxb5 Rab8 21. c4 Bf5 {½-½ (21) Vera Gonzalez Quevedo,R (2446)-Cori Tello,J (2549) Panama City 2013}) 9... Nxe5 10. Bxe5 Be6 11. g4 $146 ({Predecessor:} 11. Qd2 Qd7 12. O-O-O b5 13. Rdg1 a5 14. g4 a4 15. Bxf6 exf6 16. gxh5 gxh5 {1-0 (27) Bigg,A (2231)-Gasik,P (2103) Gibraltar 2008}) 11... Qd7 (11... hxg4 $11 12. fxg4 Qb6) 12. Bxf6 $16 Bxf6 13. gxh5 gxh5 14. Qd2 Kh7 15. O-O-O Rg8 16. Bd3+ Bf5 17. e4 Bg6 18. f4 {And now f5 would win.} dxe4 ({Wrong is} 18... Bxd4 $2 19. f5 $18) 19. Nxe4 Qxd4 {[%csl Gf6][%cal Rd4b2]} 20. c3 Qd5 $1 21. Qc2 Kh8 ({Don't blunder} 21... Qxa2 $2 22. f5 $1 $18 {[%mdl 512]}) 22. Nxf6 Bxd3 23. Rxd3 (23. Nxd5 $16 Bxc2 24. Kxc2 cxd5 25. Rxd5) 23... Qxh1+ $11 {[%mdl 64] Double Attack} 24. Rd1 {[#]} Qxd1+ $1 {[%mdl 512]} 25. Qxd1 (25. Kxd1 Rg1+) 25... exf6 26. Qxh5+ {[%mdl 4096] Endgame KQ-KRR} Kg7 27. Qg4+ Kh6 28. Qd7 Rad8 29. Qxf7 Rg1+ $1 30. Kc2 Rg2+ $1 31. Kb3 Rdd2 32. Qxf6+ Kh5 33. a3 Rxb2+ 34. Kc4 Kg4 35. f5 Kf3 (35... Rg3 $11) 36. h5 ({White should try} 36. Kc5 $1 $14) 36... Rg4+ 37. Kc5 {Black should prevent c4.} Rf4 $2 {[%mdl 8192]} (37... Rh2 $1 $11 {and Black stays safe.}) 38. c4 $18 Rc2 39. Qe6 (39. Kd6 $18) 39... Re2 $16 {[#]} 40. Qf7 $2 ({White has to play} 40. Qg6 $1 $16) 40... Re5+ $11 41. Kd6 Rexf5 42. Qxb7 Rf6+ 43. Kc5 R4f5+ 44. Kb4 a5+ 45. Ka4 {Qg7 is the strong threat.} Rxh5 46. Qb3+ Kf4 47. Qb2 Rhf5 48. Qd4+ Kg5 49. Qg1+ Kh4 50. c5 Rf3 51. Qc1 Rf1 52. Qc2 {[%mdl 1024] White has compensation.} R1f3 53. Qc1 Rf1 54. Qc2 R1f3 {Accuracy: White = 59%, Black = 50%.} 1/2-1/2